Disaster management and the built environment (Record no. 111429)

MARC details
000 -LEADER
fixed length control field 01763cad a22002535a 4500
001 - CONTROL NUMBER
control field L151535
008 - FIXED-LENGTH DATA ELEMENTS--GENERAL INFORMATION
fixed length control field 101116s2009 xxk f 000 0 eng d
020 ## - INTERNATIONAL STANDARD BOOK NUMBER
International Standard Book Number 9781848555358
035 ## - SYSTEM CONTROL NUMBER
System control number (Sirsi) u151535
041 0# - LANGUAGE CODE
Language code of text/sound track or separate title eng
050 04 - LIBRARY OF CONGRESS CALL NUMBER
Classification number 658.2
100 1# - MAIN ENTRY--PERSONAL NAME
Personal name Amaratunga, Dilanthi
245 00 - TITLE STATEMENT
Title Disaster management and the built environment
Medium [electronic resource]
260 ## - PUBLICATION, DISTRIBUTION, ETC.
Place of publication, distribution, etc. London
Name of publisher, distributor, etc. Emerald Group Publishing
Date of publication, distribution, etc. 2009
300 ## - PHYSICAL DESCRIPTION
Extent eBook
505 2# - FORMATTED CONTENTS NOTE
Formatted contents note Attaining improved resilience to floods: a proactive multi-stakeholder approach -- Mainstreaming gender in disaster reduction: why and how? -- Supporting urban emergency response and recovery using RFID-based building assessment -- Raising preparedness by risk analysis of post-disaster homelessness and improvement of emergency shelters -- Towards a more ?robust? technology? Capacity building in post-tsunami Sri Lanka -- The role of knowledge management in post-disaster housing reconstruction
520 ## - SUMMARY, ETC.
Summary, etc. This e-book draws on the wide range of expertise that built environment professionals can contribute towards increasing resilience to disasters. It compiles original papers which were prepared for a panel of the Building Education and Research Conference, held in Kandalama, Sri Lanka, between 11th and 15th February 2008. The papers address different stages of the disaster management lifecycle, from pre-disaster risk reduction, through to post-disaster response and relief, and finally, long term sustainable reconstruction.
650 24 - SUBJECT ADDED ENTRY--TOPICAL TERM
Topical term or geographic name entry element EBOOK
651 #4 - SUBJECT ADDED ENTRY--GEOGRAPHIC NAME
Geographic name ENGLAND AND WALES
690 ## - LOCAL SUBJECT ADDED ENTRY--TOPICAL TERM (OCLC, RLIN)
Topical term or geographic name as entry element BUILT ENVIRONMENT-CONSTRUCTION MANAGEMENT
700 1# - ADDED ENTRY--PERSONAL NAME
Personal name Haigh, Richard
856 40 - ELECTRONIC LOCATION AND ACCESS
Uniform Resource Identifier <a href="https://www.vlebooks.com/">https://www.vlebooks.com/</a>
Public note View on VLEbooks. Logins for members only from [email protected]
942 ## - ADDED ENTRY ELEMENTS (KOHA)
Suppress in OPAC 0
Holdings
Withdrawn status Lost status Source of classification or shelving scheme Damaged status Not for loan Home library Current library Shelving location Date acquired Total Checkouts Full call number Barcode Date last seen Copy number Price effective from Koha item type
    Dewey Decimal Classification     Virtual Virtual Online 16/11/2010   EBOOK 151535-2001 06/08/2019 1 06/08/2019 Book